000 01015nam a22002297a 4500
005 20100726101927.0
010 _aHIN-89820
020 _a9789380190310
_c200.00
035 _aHN-62166
037 _bDBAD/PUB
082 _a821
100 _aपाठक, नीलिमा
_91382
245 _aकिरातार्जुनीय:
_cनीलिमा पाठक
_bएकादश सर्ग /
246 _aKiratarjunia:Ekadash sarg
_bby Neelima Pathak
260 _aनई दिल्ली
_bसत्यम पब्लिशिंग हाऊस
_c2010
270 _aN.3/25, मोहन गार्डन
_bनई दिल्ली
_e110059
_k011-25358642
300 _a80पृ.
_c22सेमी (सजिल्द)
650 _aहिन्दी कविता
_9697
650 _aHindi poetry
_9698
942 _2ddc
_cHN
_h821
_mपाठक
999 _c37633
_d37633